• 首页
  • 本馆介绍
  • 公告通知
  • 最新文献
  • 馆藏检索
  • 电子资源
  • 读者导购
  • 参考咨询
  • 我的图书馆
  • 登录
  • 详细信息显示
  • 放入我的书架
  • 预约/预借图书
  • 作者相关作品
  • 分类相关作品
  • 丛书相关作品
  • 出版社相关作品

书目信息

  • 表格格式
  • 工作单格式
  • 卡片格式
题名:
成人高考专升本医学综合历年真题详解与规律
    
 
作者: 魏保生 主编
分册:  
出版信息: 北京   科学出版社  2010
页数: 334页
开本: 26cm
丛书名:
单 册:
中图分类: R-44
科图分类:
主题词: 医学--成人高等学校--问题解答
电子资源:
ISBN: 978-7-03-026369-8
000 00912nam0 2200229 450
001 0101863808
005 20100420163014.0
010    @a978-7-03-026369-8@dCNY39.00
100    @a20100317d2010 em y0chiy0120 ea
101 0  @achi
102    @aCN@b110000
105    @ay q 000yy
106    @ar
200 1  @a成人高考专升本医学综合历年真题详解与规律@9Cheng Ren Gao Kao Zhuan Sheng Ben Yi Xue Zong;Zeng He;Ge Li Nian Zhen Ti Xiang Jie;Xie Yu Gui Lu^ @f魏保生主编@b专著
210    @a北京@c科学出版社@d2010
215    @a334页@d26cm
330    @a全书分三篇,上篇为历年真题详解(2003-2009年);中篇为命题规律揭密,从34种命题题型中预测未来考试方向;下篇为题库锁定考点,从大量习题中强化考点与锤炼考试技巧,按照学科精心挑选的题库对考点再次强化训练。
606 0  @a医学@x成人高等学校@x问题解答
690    @aR-44@v4
701  0 @a魏保生@4主编@9wei bao sheng
801  0 @aCN@bAZmarc@c20230905
905    @aBZT@dR@e38@f3@sR/38
    
    成人高考专升本医学综合历年真题详解与规律/魏保生主编.-北京:科学出版社,2010
    334页;26cm
    
    
    ISBN 978-7-03-026369-8:CNY39.00
    全书分三篇,上篇为历年真题详解(2003-2009年);中篇为命题规律揭密,从34种命题题型中预测未来考试方向;下篇为题库锁定考点,从大量习题中强化考点与锤炼考试技巧,按照学科精心挑选的题库对考点再次强化训练。
●
相关链接 在五车中查询图书 在当当中查询图书 在豆瓣中查询图书


正题名:成人高考专升本医学综合历年真题详解与规律     索取号:R/38         预约/预借

序号 登录号 条形码 馆藏地/架位号 状态 备注
1 2000025509   2000025509   旧书回溯/ [索取号:R/38] 在馆    
2 2000025510   2000025510   旧书回溯/ [索取号:R/38] 在馆    
3 2000025511   2000025511   旧书回溯/ [索取号:R/38] 在馆    
山东省滨州职业学院图书馆 欢迎您!
大连网信软件有限公司© 版权所有